MARC

LEADER 00000nam0a2200000 4500
001 300308
005 20231102001305.0
010 |b 150 экз. 
035 |a (RuTPU)RU\TPU\book\325461 
090 |a 300308 
100 |a 20150708d1926 m y0rusy50 ca 
101 0 |a rus 
102 |a RU 
105 |a a j 000zy 
200 1 |a Техника слабых токов. Ч. 1: Телефония  |f А. А. Левченко   |g Издательская комиссия московского электротехникума 
205 |a 2-е изд. перераб. и доп. 
205 |a Стеклографированное издание 
210 |a Москва  |c Стеклография московского электротехникума  |d 1926 
215 |a 73с. + 7 л. черт.  |c ил. 
606 1 |a Электропитающие установки связи (телефония)  |2 stltpush  |3 (RuTPU)RU\TPU\subj\20652  |9 45740 
610 1 |a электротехника 
610 1 |a слабые токи 
610 1 |a телефонная аппаратура 
610 1 |a микрофоны 
610 1 |a микротелефонная трубка 
610 1 |a индукторы 
610 1 |a индукционная катушка 
610 1 |a громоотводы 
610 1 |a телефонные станции 
610 1 |a коммутаторы 
610 1 |a учебные пособия 
610 1 |a коллекция русских учебников 
675 |a 621.395.3(075.8)  |v 4 
700 1 |a Левченко  |b А. А. 
712 0 2 |a Издательская комиссия московского электротехникума  |4 570 
801 1 |a RU  |b 63413507  |c 20150708 
942 |c BK